[Event "Wiesbaden op 31st"]
[Site "Wiesbaden"]
[Date "2019.08.23"]
[Round "2"]
[White "Troeger, Beate"]
[Black "Meyer, Marcel"]
[Result "0-1"]
[WhiteElo "1483"]
[BlackElo "1770"]
[PlyCount "46"]
[EventDate "2019.08.22"]
[EventType "swiss"]
[EventRounds "7"]
[EventCountry "GER"]
[SourceTitle "EXT 2020"]
[Source "ChessBase"]
[SourceDate "2019.10.17"]
[SourceVersion "1"]
[SourceVersionDate "2019.10.17"]
[SourceQuality "1"]

1. f4 d5 2. Nf3 g6 3. g3 Bg7 4. Bg2 c6 5. 0-0 Qb6+ 6. d4 Nd7 7. e3 Ngf6 8. Ne5 0-0 9. b3 Nxe5 10. fxe5 Bg4 11. Bf3 Bxf3 12. Qxf3 Ne4 13. h4 f6 14. Qg4 f5 15. Qf4 e6 16. a4 h6 17. Ba3 Rf7 18. g4 g5 19. hxg5 hxg5 20. Qf3 Qc7 21. c3 fxg4 22. Qxg4 Rxf1+ 23. Kxf1 Qf7+ 0-1

[Event "Wiesbaden op 30th"]
[Site "Wiesbaden"]
[Date "2018.08.26"]
[Round "7"]
[White "Troeger, Beate"]
[Black "Jahraus, Marlis"]
[Result "0-1"]
[WhiteElo "1486"]
[BlackElo "1588"]
[PlyCount "72"]
[EventDate "2018.08.23"]
[EventType "swiss"]
[EventRounds "7"]
[EventCountry "GER"]
[SourceTitle "CBM 186 Extra"]
[Source "ChessBase"]
[SourceDate "2018.08.24"]
[SourceVersion "1"]
[SourceVersionDate "2018.08.24"]
[SourceQuality "1"]

1. f4 c5 2. Nf3 g6 3. g3 Bg7 4. Bg2 e6 5. 0-0 Ne7 6. e3 Nbc6 7. Nc3 d5 8. Ne2 0-0 9. d4 c4 10. a3 a5 11. Bd2 b5 12. b4 cxb3 13. cxb3 Ba6 14. Rc1 Qd6 15. a4 bxa4 16. bxa4 Bc4 17. Ne5 Nxe5 18. fxe5 Qd7 19. Rf2 Rfb8 20. e4 Ra7 21. Nc3 Nc6 22. Bg5 Nb4 23. Bf1 Rc8 24. exd5 Bxd5 25. Nxd5 Nxd5 26. Rxc8+ Qxc8 27. Qf3 Qc3 28. Qg4 h6 29. Bf6 Ne3 30. Qf3 Qxd4 31. Bxg7 Kxg7 32. Qf6+ Kh7 33. Rf4 Qb6 34. Qxf7+ Rxf7 35. Rxf7+ Kg8 36. Rd7 Nxf1+ 0-1

[Event "Wiesbaden op 30th"]
[Site "Wiesbaden"]
[Date "2018.08.24"]
[Round "2"]
[White "Troeger, Beate"]
[Black "Adam, Wilfried"]
[Result "0-1"]
[WhiteElo "1486"]
[BlackElo "1802"]
[PlyCount "108"]
[EventDate "2018.08.23"]
[EventType "swiss"]
[EventRounds "7"]
[EventCountry "GER"]
[SourceTitle "CBM 186 Extra"]
[Source "ChessBase"]
[SourceDate "2018.08.24"]
[SourceVersion "1"]
[SourceVersionDate "2018.08.24"]
[SourceQuality "1"]

1. f4 e5 2. fxe5 d6 3. exd6 Bxd6 4. Nf3 Nf6 5. d4 Ng4 6. Qd3 Nxh2 7. Nxh2 Qh4+ 8. Kd1 Bxh2 9. Qe3+ Kf8 10. c3 Qg3 11. Na3 Qxe3 12. Bxe3 Bd6 13. Nc2 Bf5 14. Rc1 Nd7 15. Nb4 Nf6 16. Nd3 Ng4 17. Bg1 Re8 18. Rc2 h5 19. Rd2 Bg3 20. Kc1 h4 21. d5 b6 22. Bd4 Rd8 23. c4 c5 24. Bg1 Re8 25. b3 Rh6 26. Kb2 Rf6 27. Rd1 Be4 28. Ka3 Rxf1 29. Rxf1 Bxg2 30. Bf2 Nxf2 31. Nxf2 Bxf1 32. Rxf1 Rxe2 33. Nh1 Bd6 34. Nf2 g6 35. Nh3 Kg7 36. Ng5 f5 37. Rh1 Be7 38. Ne6+ Kf7 39. Nf4 Re4 40. Ne6 Rxe6 41. dxe6+ Kxe6 42. Kb2 g5 43. Kc2 g4 44. Kd3 Bg5 45. Ke2 f4 46. Kf2 f3 47. Rg1 Kf5 48. Rh1 Bf6 49. Rd1 Kf4 50. Rd3 g3+ 51. Kg1 h3 52. Rd1 h2+ 53. Kh1 Bd4 54. Rc1 Bg1 0-1

[Event "Heusenstamm Sparkassen op-B 3rd"]
[Site "Heusenstamm"]
[Date "2016.11.27"]
[Round "7"]
[White "Grudniewski, Andreas"]
[Black "Troeger, Beate"]
[Result "1-0"]
[WhiteElo "1210"]
[BlackElo "1499"]
[PlyCount "85"]
[EventDate "2016.11.27"]
[EventType "swiss"]
[EventRounds "7"]
[EventCountry "GER"]
[SourceTitle "EXT 2018"]
[Source "ChessBase"]
[SourceDate "2017.10.13"]
[SourceVersion "1"]
[SourceVersionDate "2017.10.13"]
[SourceQuality "1"]

1. d4 f5 2. g3 Nf6 3. Bg2 g6 4. Nf3 Bg7 5. 0-0 0-0 6. c4 e6 7. Nc3 c6 8. Qc2 d5 9. b3 Nbd7 10. a4 Ne4 11. e3 Nxc3 12. Qxc3 Nf6 13. Ba3 Ne4 14. Qc2 Re8 15. Ne5 Bd7 16. Rad1 Rc8 17. f3 Nf6 18. e4 b5 19. axb5 cxb5 20. Bc5 bxc4 21. bxc4 dxc4 22. Nxc4 Bf8 23. Qa2 Bxc5 24. dxc5 Rxc5 25. Nd6 Ra5 26. Qb2 Qb6+ 27. Qxb6 axb6 28. Nxe8 Bxe8 29. Rb1 b5 30. exf5 exf5 31. Ra1 Rxa1 32. Rxa1 Kg7 33. Rb1 Nd5 34. f4 Ne3 35. Re1 Nc2 36. Rxe8 b4 37. Rb8 Kf7 38. Bd5+ Ke7 39. Bb3 Nd4 40. Rxb4 Ne2+ 41. Kf2 Nc1 42. Bc4 Kf8 43. Rb1 1-0

[Event "Heusenstamm Sparkassen op-B 3rd"]
[Site "Heusenstamm"]
[Date "2016.11.27"]
[Round "6"]
[White "Troeger, Beate"]
[Black "Graef, Jakob Vincent"]
[Result "0-1"]
[WhiteElo "1499"]
[BlackElo "1108"]
[PlyCount "92"]
[EventDate "2016.11.27"]
[EventType "swiss"]
[EventRounds "7"]
[EventCountry "GER"]
[SourceTitle "EXT 2018"]
[Source "ChessBase"]
[SourceDate "2017.10.13"]
[SourceVersion "1"]
[SourceVersionDate "2017.10.13"]
[SourceQuality "1"]

1. f4 d5 2. Nf3 Nf6 3. b3 Bf5 4. Bb2 e6 5. e3 Be7 6. Nc3 0-0 7. Ne5 Nbd7 8. Ne2 Nxe5 9. Bxe5 Ne4 10. d3 Nf6 11. Ng3 Bg4 12. Be2 Bxe2 13. Qxe2 Nd7 14. Bb2 Bb4+ 15. c3 Bd6 16. 0-0 Qh4 17. Rf3 c6 18. Raf1 f5 19. c4 Nf6 20. a3 Ng4 21. h3 Nf6 22. b4 Rad8 23. c5 Bc7 24. Bc3 g5 25. Nh1 g4 26. Be1 gxf3 27. Bxh4 fxe2 28. Rf3 Kg7 29. Kf2 Rg8 30. Ng3 d4 31. exd4 Rxd4 32. Nxe2 Rd7 33. Nc1 b6 34. Nb3 Nd5 35. Bg3 Kf6 36. Nd4 Nxb4 37. Bh4+ Kf7 38. cxb6 Bxb6 39. axb4 Bxd4+ 40. Kf1 Bc3 41. d4 Bxb4 42. Bf2 Ra8 43. Rb3 Rb7 44. Be3 Rab8 45. Bf2 Bd6 46. Rf3 a5 0-1

[Event "GER-chT Federal Cup (Women)"]
[Site "Braunfels"]
[Date "2015.06.05"]
[Round "2.8"]
[White "Troeger, Beate"]
[Black "Voss, Henrike"]
[Result "0-1"]
[WhiteElo "1361"]
[BlackElo "1327"]
[PlyCount "86"]
[EventDate "2015.06.04"]
[EventType "team-swiss"]
[EventRounds "5"]
[EventCountry "GER"]
[SourceTitle "CBM 167 Extra"]
[Source "ChessBase"]
[SourceDate "2015.09.14"]
[SourceVersion "1"]
[SourceVersionDate "2015.09.14"]
[SourceQuality "1"]
[WhiteTeam "Rheinland Pfalz (W)"]
[BlackTeam "Hamburg (W)"]
[WhiteTeamCountry "GER"]
[BlackTeamCountry "GER"]

1. f4 Nc6 2. Nf3 d5 3. e3 Nf6 4. b3 g6 5. Bb2 Bg7 6. Bb5 Bd7 7. 0-0 a6 8. Bxc6 Bxc6 9. Ne5 Bd7 10. Nc3 0-0 11. Rb1 Bc8 12. Qf3 c6 13. d3 Nd7 14. Nxd7 Bxd7 15. e4 Qb6+ 16. Kh1 d4 17. Ne2 c5 18. f5 Qd6 19. Bc1 Rae8 20. Bf4 e5 21. Bd2 f6 22. Ng3 Kf7 23. h4 Rh8 24. h5 g5 25. Ne2 Reg8 26. g4 b6 27. c4 Ra8 28. Rb2 Rhb8 29. Rfb1 h6 30. b4 Bf8 31. Qf1 Ba4 32. bxc5 bxc5 33. Rb7+ Kg8 34. R1b6 Bc6 35. Rxb8 Rxb8 36. Rxa6 Bxe4+ 37. dxe4 Qxa6 38. Nc1 Rb2 39. Qe1 Qxc4 40. Nb3 Rxa2 41. Qb1 Ra3 42. Na5 Qe2 43. Nb3 Qf3+ 0-1

[Event "GER-chT Federal Cup (Women)"]
[Site "Braunfels"]
[Date "2015.06.04"]
[Round "1.8"]
[White "Landenberger, Anja Kathrin"]
[Black "Troeger, Beate"]
[Result "1-0"]
[WhiteElo "1564"]
[BlackElo "1361"]
[PlyCount "59"]
[EventDate "2015.06.04"]
[EventType "team-swiss"]
[EventRounds "5"]
[EventCountry "GER"]
[SourceTitle "CBM 167 Extra"]
[Source "ChessBase"]
[SourceDate "2015.09.14"]
[SourceVersion "1"]
[SourceVersionDate "2015.09.14"]
[SourceQuality "1"]
[WhiteTeam "Baden (W)"]
[BlackTeam "Rheinland Pfalz (W)"]
[WhiteTeamCountry "GER"]
[BlackTeamCountry "GER"]

1. d4 d6 2. Nf3 g6 3. Bf4 Bg7 4. c3 Nf6 5. h3 Nd5 6. Bh2 Nd7 7. e3 c5 8. dxc5 N7f6 9. cxd6 Qb6 10. Qb3 Qxb3 11. axb3 Ne4 12. dxe7 Nxe7 13. Nbd2 Nxd2 14. Nxd2 Nc6 15. Nf3 0-0 16. Bc4 Be6 17. Bxe6 fxe6 18. Ke2 b5 19. Nd4 Nxd4+ 20. cxd4 Rfc8 21. Rhc1 h5 22. Kd2 Rd8 23. Rc5 a6 24. Rac1 Bf8 25. Rc6 Bb4+ 26. Kd3 Re8 27. Be5 Ra7 28. Rc7 Rxc7 29. Rxc7 Be7 30. Ra7 1-0

[Event "Wiesbaden op 26th"]
[Site "Wiesbaden"]
[Date "2014.08.29"]
[Round "3"]
[White "Boerkey, Joel"]
[Black "Troeger, Beate"]
[Result "0-1"]
[WhiteElo "968"]
[BlackElo "1540"]
[PlyCount "136"]
[EventDate "2014.08.28"]
[EventType "swiss"]
[EventRounds "7"]
[EventCountry "GER"]
[SourceTitle "CBM 162 Extra"]
[Source "ChessBase"]
[SourceDate "2014.10.17"]
[SourceVersion "1"]
[SourceVersionDate "2014.10.17"]
[SourceQuality "1"]

1. e4 c5 2. Nf3 d6 3. Nc3 a6 4. Bc4 Nc6 5. Ng5 e6 6. Nf3 b5 7. Be2 Be7 8. 0-0 Bb7 9. b3 Nf6 10. Bd3 0-0 11. Re1 Nb4 12. e5 Bxf3 13. Qxf3 dxe5 14. Rxe5 Bd6 15. Re1 Qc7 16. g3 c4 17. Be4 Nxe4 18. Qxe4 cxb3 19. cxb3 Rfe8 20. Ba3 Qe7 21. Re2 Rac8 22. Rae1 Nd3 23. Qxd3 Bxa3 24. Re4 Red8 25. Rd4 Rxd4 26. Qxd4 Rd8 27. Qe3 Bc5 28. Qe2 Bb4 29. Qe3 Qc5 30. Qxc5 Bxc5 31. Rc1 f6 32. Nb1 Bb4 33. Rc2 Kf7 34. a3 Be7 35. Kg2 Rd3 36. b4 Rb3 37. Rc1 Bd6 38. f4 e5 39. fxe5 Bxe5 40. Kf2 Bb2 41. Rc7+ Kg6 42. Rc6 Bd4+ 43. Ke2 Rxb1 44. Rxa6 Bg1 45. h4 Rb3 46. Kf1 Rxg3 47. Ra5 Bd4 48. Rxb5 Rxa3 49. Ke2 Rh3 50. h5+ Rxh5 51. Rxh5 Kxh5 52. Kd3 Bb6 53. Kc4 g5 54. d4 g4 55. Kd3 Kg5 56. d5 Kf4 57. Ke2 Ke5 58. Kf1 Kxd5 59. Kg2 Bc7 60. Kf2 Ke4 61. b5 h5 62. b6 Bxb6+ 63. Kg2 Bc7 64. Kg1 h4 65. Kg2 h3+ 66. Kh1 Kf3 67. Kg1 g3 68. Kh1 g2+ 0-1

[Event "Wiesbaden op 25th"]
[Site "Wiesbaden"]
[Date "2013.08.23"]
[Round "2"]
[White "Ivkin, Michael"]
[Black "Troeger, Beate"]
[Result "1-0"]
[WhiteElo "1822"]
[BlackElo "1339"]
[PlyCount "63"]
[EventDate "2013.08.22"]
[EventType "swiss"]
[EventRounds "7"]
[EventCountry "GER"]
[SourceTitle "EXT 2014"]
[Source "ChessBase"]
[SourceDate "2013.11.20"]
[SourceVersion "1"]
[SourceVersionDate "2013.11.20"]
[SourceQuality "1"]

1. d4 d6 2. c4 g6 3. e4 Bg7 4. Nc3 b6 5. Be3 Bb7 6. f3 Qd7 7. Qd2 e6 8. d5 c6 9. Rd1 cxd5 10. cxd5 Ba6 11. dxe6 fxe6 12. Qxd6 Bxc3+ 13. bxc3 Bxf1 14. Kxf1 Nf6 15. Ne2 Rf8 16. Ke1 Rf7 17. Qb4 Qc7 18. Nd4 Rd7 19. Nxe6 Rxd1+ 20. Kxd1 Qd7+ 21. Nd4 Nc6 22. Qa4 Rd8 23. Kc1 Nxd4 24. Qxd7+ Rxd7 25. Bxd4 Ng8 26. Kd2 Ne7 27. Ke3 Nc6 28. Rb1 Na5 29. Kd3 Ke7 30. Rb5 Kf7 31. f4 Rd6 32. g4 1-0

[Event "Karl Mala Memorial op-B 16th"]
[Site "Frankfurt"]
[Date "2013.07.14"]
[Round "6"]
[White "Jayakumar, Nivesh"]
[Black "Troeger, Beate"]
[Result "1-0"]
[WhiteElo "1622"]
[BlackElo "1340"]
[PlyCount "49"]
[EventDate "2013.07.11"]
[EventType "swiss"]
[EventRounds "7"]
[EventCountry "GER"]
[SourceTitle "CBM 155 Extra"]
[Source "ChessBase"]
[SourceDate "2013.08.26"]
[SourceVersion "1"]
[SourceVersionDate "2013.08.26"]
[SourceQuality "1"]

1. e4 c5 2. d4 cxd4 3. c3 e5 4. Nf3 Nc6 5. Bc4 Be7 6. cxd4 exd4 7. e5 Qb6 8. 0-0 Nh6 9. Bxh6 gxh6 10. Qd2 Na5 11. Bd5 Bg5 12. Qxd4 Qxd4 13. Nxd4 a6 14. Nc3 Rb8 15. Ne4 Be7 16. Nd6+ Bxd6 17. exd6 0-0 18. Rfe1 b5 19. Nf5 Kh8 20. Nxh6 Kg7 21. Nxf7 Nc4 22. Re7 Kf6 23. Rae1 Nxb2 24. R1e3 Kg6 25. Ne5+ 1-0

[Event "Karl Mala Memorial op-B 16th"]
[Site "Frankfurt"]
[Date "2013.07.13"]
[Round "5"]
[White "Troeger, Beate"]
[Black "Woehl, Torsten"]
[Result "1/2-1/2"]
[WhiteElo "1340"]
[BlackElo "1647"]
[PlyCount "76"]
[EventDate "2013.07.11"]
[EventType "swiss"]
[EventRounds "7"]
[EventCountry "GER"]
[SourceTitle "CBM 155 Extra"]
[Source "ChessBase"]
[SourceDate "2013.08.26"]
[SourceVersion "1"]
[SourceVersionDate "2013.08.26"]
[SourceQuality "1"]

1. f4 Nf6 2. Nf3 c5 3. b3 d6 4. Bb2 Nc6 5. e3 Bf5 6. h3 Nb4 7. Na3 a6 8. g4 Be4 9. g5 Nh5 10. Rg1 Rg8 11. d3 Bc6 12. Nh4 g6 13. Be2 Ng7 14. e4 Bd7 15. Bg4 Ne6 16. Qd2 Bg7 17. c3 Nxf4 18. cxb4 Bxb2 19. Qxf4 Bxa1 20. bxc5 Bxg4 21. hxg4 dxc5 22. Rf1 Rf8 23. Ke2 Qa5 24. Rxa1 Qxa3 25. Qc1 Qa5 26. Qc4 Qc7 27. Nf3 Rc8 28. Rc1 b5 29. Qc3 Qd6 30. Qg7 Qf4 31. Rh1 Qxg4 32. Rxh7 Qe6 33. Ne5 Kd8 34. Qxf8+ Kc7 35. Qg7 Kb8 36. Nxf7 Qg4+ 37. Ke3 Qg3+ 38. Kd2 Qf2+ 1/2-1/2

[Event "BL2 Sued 1112 (Women)"]
[Site "Germany"]
[Date "2011.11.26"]
[Round "3.6"]
[White "Troeger, Beate"]
[Black "Borissow, Helene"]
[Result "0-1"]
[WhiteElo "1246"]
[BlackElo "1433"]
[PlyCount "118"]
[EventDate "2011.10.29"]
[EventType "team-tourn"]
[EventRounds "7"]
[EventCountry "GER"]
[SourceTitle "EXT 2013"]
[Source "ChessBase"]
[SourceDate "2012.11.22"]
[SourceVersion "1"]
[SourceVersionDate "2012.11.22"]
[SourceQuality "1"]
[WhiteTeam "Mainz Orient (W)"]
[BlackTeam "Neuperlach (W)"]
[WhiteTeamCountry "GER"]
[BlackTeamCountry "GER"]

1. f4 d5 2. Nf3 Nf6 3. e3 Nc6 4. Bb5 Bd7 5. 0-0 e6 6. b3 Be7 7. Bb2 0-0 8. Bxc6 bxc6 9. Ne5 Be8 10. Nc3 c5 11. a4 a6 12. Ne2 Ne4 13. d3 Nd6 14. Ng3 f6 15. Ng4 Bf7 16. Qe1 h5 17. Nf2 h4 18. Ne2 Nf5 19. Nd1 c6 20. e4 dxe4 21. dxe4 Nd4 22. Nxd4 cxd4 23. Qxh4 f5 24. Qe1 fxe4 25. Qxe4 c5 26. Nf2 Qd5 27. Qxd5 exd5 28. Nd3 Bg6 29. Rae1 Rae8 30. Re6 Rf6 31. Rxf6 gxf6 32. f5 Bh5 33. Nf4 Bf7 34. g4 Bd6 35. Nh5 Bxh5 36. gxh5 Re2 37. Rf2 Rxf2 38. Kxf2 Bxh2 39. Ba3 Bd6 40. Kf3 Kg7 41. Kg4 Be7 42. Bc1 c4 43. h6+ Kh7 44. Kh5 cxb3 45. cxb3 Bb4 46. Bb2 Bc3 47. Bc1 d3 48. Kg4 d2 49. Bxd2 Bxd2 50. Kf3 Kxh6 51. Ke2 Bb4 52. Kd3 Kg5 53. Kd4 Kxf5 54. Kxd5 Kf4 55. Kd4 a5 56. Kd3 Kf3 57. Kd4 f5 58. Kd3 f4 59. Kd4 Ke2 0-1

[Event "BL2 Sued 1112 (Women)"]
[Site "Germany"]
[Date "2011.10.30"]
[Round "2.6"]
[White "Schaefer, Daniela"]
[Black "Troeger, Beate"]
[Result "1-0"]
[WhiteElo "1927"]
[BlackElo "1246"]
[PlyCount "75"]
[EventDate "2011.10.29"]
[EventType "team-tourn"]
[EventRounds "7"]
[EventCountry "GER"]
[SourceTitle "EXT 2013"]
[Source "ChessBase"]
[SourceDate "2012.11.22"]
[SourceVersion "1"]
[SourceVersionDate "2012.11.22"]
[SourceQuality "1"]
[WhiteTeam "Deizisau (W)"]
[BlackTeam "Mainz Orient (W)"]
[WhiteTeamCountry "GER"]
[BlackTeamCountry "GER"]

1. e4 d6 2. d4 g6 3. Nc3 Bg7 4. Nf3 Nf6 5. h3 Nc6 6. Be3 0-0 7. Qd2 a6 8. d5 Ne5 9. Nxe5 dxe5 10. Be2 b5 11. a3 Qd6 12. 0-0 c5 13. dxc6 Qxc6 14. Nd5 Nxd5 15. exd5 Qd6 16. Rad1 f5 17. b4 Rd8 18. Bc5 Qf6 19. c4 e6 20. Qa2 h5 21. cxb5 axb5 22. Bxb5 Kh7 23. Bc6 Rb8 24. d6 Ba6 25. Rfe1 e4 26. a4 e5 27. b5 Bc8 28. d7 Bb7 29. Bd6 Bxc6 30. bxc6 Rb6 31. c7 Rxd7 32. c8Q Rdxd6 33. Rxd6 Qxd6 34. Qcg8+ Kh6 35. Qaf7 Qd2 36. Qgxg7+ Kg5 37. Qe7+ Kf4 38. Qh4# 1-0

[Event "BL2 Sued 1011 (Women)"]
[Site "Germany"]
[Date "2011.02.20"]
[Round "7.6"]
[White "Troeger, Beate"]
[Black "Staudacher, Ana"]
[Result "1/2-1/2"]
[WhiteElo "1253"]
[BlackElo "1647"]
[PlyCount "67"]
[EventDate "2010.11.06"]
[EventType "team-tourn"]
[EventRounds "7"]
[EventCountry "GER"]
[SourceTitle "EXT 2012"]
[Source "ChessBase"]
[SourceDate "2011.11.24"]
[SourceVersion "1"]
[SourceVersionDate "2011.11.24"]
[SourceQuality "1"]
[WhiteTeam "Mainz Orient (W)"]
[BlackTeam "Bayern Muenchen (W)"]
[WhiteTeamCountry "GER"]
[BlackTeamCountry "GER"]

1. f4 d5 2. Nf3 c5 3. e3 Nf6 4. b3 Nc6 5. Bb5 a6 6. Bxc6+ bxc6 7. 0-0 Bf5 8. Ne5 Qc7 9. Bb2 h5 10. Nc3 e6 11. Rc1 Be7 12. Ne2 h4 13. c4 Nh5 14. d4 dxc4 15. Rxc4 Rd8 16. Qe1 h3 17. g4 Be4 18. gxh5 Bg2 19. Qg3 Rxh5 20. Qxg7 Bf8 21. Qg4 Rh7 22. Ng3 Rg7 23. Qh4 cxd4 24. exd4 c5 25. Rfc1 Qa5 26. Nh5 Qxa2 27. Nxg7+ Bxg7 28. Qh5 Bxe5 29. Qxe5 Qxb2 30. dxc5 Qxb3 31. Qh8+ Ke7 32. Qh4+ Ke8 33. Qh8+ Ke7 34. Qh4+ 1/2-1/2

[Event "Frankfurt-ch"]
[Site "Frankfurt"]
[Date "2006.06.12"]
[Round "7"]
[White "Ploetz, Hans Juergen"]
[Black "Troeger, Beate"]
[Result "1-0"]
[WhiteElo "1442"]
[BlackElo "798"]
[PlyCount "95"]
[EventDate "2006.04.24"]
[EventType "swiss"]
[EventRounds "7"]
[EventCountry "GER"]
[SourceTitle "EXT 2007"]
[Source "ChessBase"]
[SourceDate "2006.11.23"]
[SourceVersion "1"]
[SourceVersionDate "2006.11.23"]
[SourceQuality "1"]

1. d4 f5 2. c4 Nf6 3. Nc3 e6 4. Bg5 Be7 5. Nf3 0-0 6. Ne5 d6 7. Nf3 b6 8. e3 Bd7 9. Be2 c5 10. 0-0 Ne4 11. Bxe7 Qxe7 12. Qd3 Nxc3 13. bxc3 Nc6 14. a3 Na5 15. Rad1 Ba4 16. Rd2 Nb3 17. Rb2 Rad8 18. Bd1 e5 19. e4 fxe4 20. Qxe4 Rf4 21. Qd5+ Qf7 22. Qxf7+ Rxf7 23. Bxb3 Bxb3 24. Rxb3 e4 25. Ng5 Re7 26. Re1 Rde8 27. Rb2 h6 28. Nh3 cxd4 29. cxd4 Rc7 30. Rc2 d5 31. f3 Rxc4 32. Rxc4 dxc4 33. Rxe4 Rd8 34. Kf1 b5 35. Ke1 a5 36. Kd2 Rc8 37. d5 c3+ 38. Kc2 b4 39. axb4 a4 40. Re1 Kf7 41. Ra1 Ra8 42. Kxc3 Ke7 43. Kd4 a3 44. Ra2 Ra4 45. Kc5 Kd7 46. Nf4 g5 47. Nd3 Ke7 48. Ne5 1-0